000 01496nam a2200373 a 4500
003 BLK
005 20240126160331.0
008 180408b bul|||||r ||||||| ||bul||
010 _aKNG00061124000
040 _aBLK
041 _aBUL
_cBUL
080 _aМатематика
_b51
_x(075.4)
_z51(075.4)
100 1 _aРумпалов, Пламен Йонов
_eпърви автор
_9287367
139 _aРумпалов, Пламен Йонов и др.
_bР 92
245 1 0 _aКонкурси по математика 92/93/94 за зрелостници, кандидат-студенти и примерни теми
_cПламен Йонов Румпалов; съавт. Господин Цонев; съавт. Начо Начев.
257 _aBGR
260 _aГаброво
_bИзд. авт.
_c1995
300 _a164 с.
_c23 см
380 _a5
650 4 _aМатематика - задачи - учебни помагала
_9241584
653 _aматематика
653 _aматури
653 _aзрелостни изпити
653 _aкандидатстудентски изпити
700 1 _aЦонев, Господин
_eсъавт.
_9254596
700 1 _aНачев, Начо
_eсъавт.
_9369305
852 _aЦб 179836
_bЦб
856 4 _qpdf
856 4 _qpdf
942 _cKNG
_n0
944 _aCR
_c13.06.2004
_lРадостина Карадакова
_k30534
944 _aED
_c06.12.2016
_lф /
_kЛюдмила_Стоянова
999 _c57134
_d57134
999 _d57134